|
|
|
|
| LEADER |
00000nam a22000007a 4500 |
| 003 |
Ucuenca |
| 005 |
20230308230328.0 |
| 008 |
181120b2016 mx ||||| |||| 00| 0 spa d |
| 999 |
|
|
|c 156170
|d 156170
|
| 020 |
|
|
|a 978-607-28-0952-9
|
| 040 |
|
|
|b spa
|a UCuenca-cdrjbv
|c UCuenca
|e rda
|
| 041 |
|
|
|a spa
|
| 082 |
0 |
|
|a 323.6
|
| 100 |
1 |
|
|9 231128
|a González Ibarra, Miguel Rodrigo
|
| 245 |
|
|
|a Estado, agenda política y participación ciudadana: casos y perspectivas en el ámbito local en México y Argentina
|c Miguel Rodrigo González Ibarra y Virginia Ester D'Angelo Gallino
|
| 264 |
|
|
|a México
|b UNAM
|c 2016
|
| 300 |
|
|
|a 188 páginas:
|c 23 cm
|
| 336 |
|
|
|2 rdacontent
|a texto
|b txt
|
| 337 |
|
|
|2 rdamedia
|a no mediado
|b n
|
| 338 |
|
|
|2 rdacarrier
|a volumen
|b nc
|
| 504 |
|
|
|a incl. ref.
|
| 520 |
3 |
|
|a Esta obra analiza la participación ciudadana desde una concepción más amplia de lo público, en el sentido de que este tipo de intervención vincula a los ciudadanos y el Estado en la definición de problemas públicos, y en los procesos de gobiernos para alcanzar las metas colectivas en el marco de los derechos y obligaciones sociales.
|
| 650 |
|
4 |
|a Participación ciudadana
|9 19443
|
| 650 |
|
0 |
|a Política pública
|9 1948
|
| 700 |
1 |
|
|9 231129
|a D'Angelo Gallino, Virginia Ester
|
| 942 |
|
|
|c BK
|z lucia.mora@ucuenca.edu.ec
|2 ddc
|0 1
|